Catálogo
 En Linea

Programa y reglamento del concurso para la selección de un arquitecto para el Faro Monumental que la naciones del mundo erigirán en la República Dominicana a la memoria de Cristóbal Colón / (Registro nro. 30519)

Detalles MARC
000 -CABECERA
campo de control de longitud fija 00673nam a2200157 a 4500
001 - NÚMERO DE CONTROL
campo de control 000031027
005 - FECHA Y HORA DE LA ÚLTIMA TRANSACCIÓN
campo de control 20200930062646.0
008 - DATOS DE LONGITUD FIJA--INFORMACIÓN GENERAL
campo de control de longitud fija 110610s1928 dr r 000 0 spa d
040 ## - FUENTE DE LA CATALOGACIÓN
Centro catalogador/agencia de origen DO-SdBNP
Lengua de catalogación spa
Centro/agencia transcriptor BNPHU
082 ## - NÚMERO DE LA CLASIFICACIÓN DECIMAL DEWEY
Número de clasificación xxxx
Número de documento/Ítem xxxx
100 1# - ENTRADA PRINCIPAL--NOMBRE DE PERSONA
Nombre de persona kelsey, Albert
9 (RLIN) 57520
245 10 - MENCIÓN DE TÍTULO
Título Programa y reglamento del concurso para la selección de un arquitecto para el Faro Monumental que la naciones del mundo erigirán en la República Dominicana a la memoria de Cristóbal Colón /
Mención de responsabilidad, etc. Albert Kelsey.
260 ## - PUBLICACIÓN, DISTRIBUCIÓN, ETC.
Lugar de publicación, distribución, etc. [Santo Domingo] :
Nombre del editor, distribuidor, etc. Unión Panamericana,
Fecha de publicación, distribución, etc. 1928.
300 ## - DESCRIPCIÓN FÍSICA
Extensión 72 p. :
Otras características físicas il. ;
Dimensiones 32 cm.
500 ## - NOTA GENERAL
Nota general Incluye referencias bibliográficas y notas al pie de las páginas
Existencias
Estado de retiro Estado de pérdida Restricciones de uso No para préstamo Código de colección Localización permanente Ubicación/localización actual Ubicación en estantería Fecha de adquisición Número de inventario Total de préstamos Signatura topográfica completa Código de barras Fecha visto por última vez Precio válido a partir de Tipo de ítem Koha
      Excluido de préstamo Raros y valiosos Patrimonio Dominicano Patrimonio Dominicano Depósito 10.06.2011 LF1   xxxx xxxx 31027-10 25.06.2020 25.06.2020 No se presta

Con tecnología Koha